[Event "Sebinhoo Invitational 2020"]
[Site "Online"]
[Date "2020.12.22"]
[Round "5.1"]
[White "Christiansen, Johan-Sebastian"]
[Black "Larino Nieto, David"]
[Result "0-1"]
[WhiteElo "2610"]
[BlackElo "2461"]
[Annotator "TA"]
[PlyCount "79"]
[EventDate "2020.12.22"]
[EventType "tourn"]
[EventCountry "NET"]
[SourceTitle "playchess.com"]
[Source "ChessBase"]
[SourceQuality "1"]

{[%evp 9,79,42,54,54,55,10,61,15,102,28,33,0,16,18,5,0,0,0,0,0,0,-26,-10,-265,-248,-449,-50,-442,-456,-736,-746,-739,-735,-747,-749,-707,-713,-664,-693,-639,-668,-832,-784,-778,-774,-836,-840,-838,-849,-844,-809,-880,-879,-971,-956,-1025,-1010,-1019,-1002,-1157,-1091,-1020,-1012,-4882,-4794,-29993,-29993,-29993,-29994,-29994,-29995,-29999]} 1. e4 c6 2. d4 g6 3. Nf3 d5 4. e5 Bg7 5. h3 Nh6 6. Bd3 {B06: Modern Defence.} f6 7. O-O {aiming for exf6.} O-O (7... fxe5 $1 $11 8. Nxe5 O-O) 8. Re1 {White is slightly better.} Na6 {[#]} (8... fxe5 $1 $11 {remains equal.} 9. dxe5 (9. Nxe5 Nf7 $11) 9... Na6) 9. a3 $146 (9. Bxa6 $16 {And now exf6 would win.} bxa6 10. Nc3) ({Predecessor:} 9. c3 Nc7 10. Nbd2 Bf5 11. Bf1 Qd7 12. Nb3 b6 13. Bf4 Nf7 14. Bh2 Rac8 15. Rc1 {1-0 (38) Gharamian,T (2603)-Hulshof,P (2192) Lisbon 2020}) 9... Nc7 {[%cal Ba6c7,Bc7e6,Be6g5,Bg5h3,Bh3f2][%mdl 32]} 10. Nc3 Nf7 11. Bf4 Ne6 12. Bh2 fxe5 13. dxe5 Nfg5 14. Nxg5 Nxg5 15. Qd2 Bh6 16. Kh1 $2 {[%mdl 8192] [#] White is on the road to losing.} (16. f4 $11 Ne6 17. g3) 16... Nxh3 $1 $19 {[%mdl 64] Discovered Attack} 17. Qxh6 $2 (17. f4 {is the only way for White.} Nxf4 18. Rf1 Nxd3 19. Qxh6 Nf2+ 20. Kg1) 17... Nxf2+ 18. Kg1 {Hoping for Bxg6!} Ng4 19. Qh4 (19. Qc1 $142 Qb6+ 20. Kh1 Nf2+ 21. Kg1 Nxd3+ 22. Qe3 Nxe1 23. Qxb6 axb6 24. Rxe1) 19... Qb6+ {[%mdl 64] Double Attack} 20. Kh1 Nf2+ 21. Kg1 Nxd3+ 22. Kh1 Nf2+ 23. Kg1 Ne4+ 24. Kh1 g5 25. Bg1 gxh4 26. Bxb6 Ng3+ 27. Kh2 axb6 28. Rad1 Bf5 29. Rd4 Be4 30. Rb4 b5 31. a4 Rf2 {[%mdl 64] [#] Double Attack} 32. Nxe4 dxe4 33. axb5 Rd8 34. bxc6 bxc6 35. Kh3 Rdd2 36. e6 Rxg2 {( -> ...Nf5)} 37. Rb7 Nf5 {[%csl Gf5,Gh4][%cal Rg2g3] Black mates.} 38. Rb3 h5 {[%csl Gd2][%cal Rg2h2]} 39. Rh1 e3 {[%csl Gf5,Gh4][%cal Rg2g3]} 40. Rb7 {Weighted Error Value: White=0.70/Black=0.13} 0-1

[Event "Sebinhoo Invitational 2020"]
[Site "Online"]
[Date "2020.12.22"]
[Round "5.2"]
[White "Bachmann, Axel"]
[Black "Van Foreest, Jorden"]
[Result "1-0"]
[WhiteElo "2599"]
[BlackElo "2671"]
[Annotator "TA"]
[PlyCount "87"]
[EventDate "2020.12.22"]
[EventType "tourn"]
[EventCountry "NET"]
[SourceTitle "playchess.com"]
[Source "ChessBase"]
[SourceQuality "1"]

{[%evp 13,86,3,7,0,2,-6,-10,-10,0,-8,-14,-11,30,22,48,53,66,70,64,64,53,64,41,54,53,62,104,53,57,27,27,27,131,129,134,136,227,253,242,256,273,237,249,200,273,276,264,165,238,185,273,146,150,45,335,346,326,256,408,394,369,234,231,223,216,237,236,188,186,208,29997,29998,29998,29999,29999]} 1. e4 c5 2. Nc3 Nc6 3. g3 d6 4. Bg2 g6 5. d3 Bg7 6. Be3 Rb8 7. a4 a6 8. Qd2 {B26: Closed Sicilian: 3 g3, lines with early Be3.} b5 9. axb5 axb5 10. Nge2 {The position is equal.} b4 11. Nd1 Nd4 12. O-O Nxe2+ 13. Qxe2 Nf6 14. e5 {[#]} dxe5 $146 ({Predecessor:} 14... Ng4 15. exd6 Qxd6 16. Bg5 h6 17. Bf4 e5 18. Bd2 O-O 19. h3 Nf6 20. Ne3 b3 {½-½ (43) Narciso Dublan,M (2510)-Dreev,A (2655) Barcelona 2009}) 15. Bxc5 O-O $1 16. Qxe5 Nd7 17. Qxe7 Nxc5 18. Qxc5 Be6 19. Qe3 Qc7 20. Qd2 (20. c3 $16) 20... Rfc8 $14 21. c3 bxc3 22. bxc3 h5 (22... Bxc3 $11 {keeps the balance.} 23. Qxc3 (23. Nxc3 Qxc3 24. Qe3 Rd8 $14) 23... Qxc3 24. Nxc3 Rxc3) 23. d4 $16 h4 24. Re1 h3 {[#]} (24... Bf6 $16 25. Ra6 Rb6 26. Rxb6 Qxb6) 25. Rxe6 $1 $18 fxe6 26. Bxh3 Rb6 27. Qe2 Re8 28. Ra6 Kh7 29. Rxb6 Qxb6 30. d5 e5 (30... Qc5 $142) 31. Be6 Rf8 (31... Qb1 $142 32. Kg2 Ra8) 32. Ne3 (32. Kg2 $18) 32... Qb1+ $16 {[#]} 33. Qf1 (33. Kg2 $1 $16 {Qg4 is the strong threat.} Qe4+ 34. f3) 33... Qb2 $2 {[%mdl 8192] Loses the game.} (33... Qxf1+ $14 34. Kxf1 e4) 34. Ng4 $18 {Threatening mate with Qh3+.} Bh6 35. Qc4 ({Less strong is} 35. Nxe5 Qxc3 36. Ng4 Qc1 $16) 35... Qb1+ (35... Bg7 $142 36. Qf1 Bh6) 36. Kg2 Bg7 {[#]} 37. Nxe5 $1 {[%mdl 512] aiming for Qh4+.} Rxf2+ ({But not} 37... Bxe5 $2 38. Qh4+ Kg7 39. Qe7+ Rf7 40. Qxf7+ $18) 38. Kxf2 Bxe5 39. Qh4+ Kg7 40. Qe7+ Kh6 {[#]} 41. Qf8+ $1 Kh5 $2 (41... Bg7 $18 42. Qf4+ g5) 42. g4+ {White mates.} Kg5 {[#]} 43. h4+ $1 {[%mdl 64] Deflection, Decoy} Kxh4 44. Qh6# {Weighted Error Value: White=0.24/Black=0.50} 1-0

[Event "Sebinhoo Invitational 2020"]
[Site "Online"]
[Date "2020.12.22"]
[Round "5.3"]
[White "Bartel, Mateusz"]
[Black "Pichot, Alan"]
[Result "1-0"]
[WhiteElo "2638"]
[BlackElo "2630"]
[Annotator "TA"]
[PlyCount "65"]
[EventDate "2020.12.22"]
[EventType "tourn"]
[EventCountry "NET"]
[SourceTitle "playchess.com"]
[Source "ChessBase"]
[SourceQuality "1"]

{[%evp 9,64,26,43,24,29,2,19,6,13,0,45,15,24,0,7,22,48,-7,37,0,0,8,117,14,19,13,41,0,0,0,31,26,27,26,71,57,106,104,175,3,395,376,391,389,464,368,522,420,1529,1475,2849,1526,2755,2663,29989,29990,29999]} 1. e4 c5 2. Nf3 e6 3. d4 cxd4 4. Nxd4 Nc6 5. Nc3 Qc7 6. Qd3 {B47: Sicilian: Taimanov: 5 Nc3 Qc7 6 f4, 6 g3 and 6 Be2.} Nf6 7. Bg5 $5 {[%mdl 4] Leaves trodden paths.} a6 8. Nxc6 {[#] The position is equal.} dxc6 $146 ({Predecessor:} 8... bxc6 9. O-O-O h6 10. Bd2 Rb8 11. Qg3 Qxg3 12. hxg3 Ng4 13. Be1 Bc5 14. Rd2 d5 {½-½ (22) Bartel,M (2613)-Ganguly,S (2657) Germany 2017}) 9. O-O-O e5 10. Bxf6 gxf6 11. Qf3 Be6 12. Qxf6 Rg8 13. h3 ({Better is} 13. Kb1 $14) 13... b5 14. Be2 Be7 15. Qf3 $40 {[%mdl 128] Black needs to defend precisely.} Rc8 {[#]} (15... Qa5 $11 {remains equal.} 16. b3 Bc5) 16. Kb1 (16. Qh5 $1 $16) 16... Qa5 $1 $11 17. b3 $1 Bc5 18. Bf1 Qa3 19. Ne2 a5 20. Qc3 a4 21. Qxe5 axb3 22. cxb3 Ra8 {[#]} 23. Nc1 $1 Kf8 (23... Bxf2 $16 {keeps fighting.} 24. g4 Bh4) 24. f4 $2 (24. Be2 $18) 24... Be7 $2 {[%mdl 8192] Loses the game.} (24... Be3 $11 {and Black is okay.}) 25. f5 $18 Bxb3 26. axb3 Re8 27. Qb2 Qa5 (27... Qxb2+ {is a better defense.} 28. Kxb2 Bf6+ {[%mdl 64] Discovered Attack} 29. Kb1 Rg3) 28. Qd2 Bb4 (28... Qxd2 $142 29. Rxd2 Rg3) 29. Qh6+ {[%mdl 64] Double Attack} Ke7 30. f6+ Ke6 31. Qf4 {[%csl Ge4][%cal Rf4f5]} Rg5 32. Qxg5 {[%csl Ge4][%cal Rg5f5]} Bd6 33. Qf5# {Weighted Error Value: White=0.42/Black=0.83} 1-0

[Event "Sebinhoo Invitational 2020"]
[Site "Online"]
[Date "2020.12.22"]
[Round "5.4"]
[White "Shankland, Sam"]
[Black "Tari, Aryan"]
[Result "1/2-1/2"]
[WhiteElo "2691"]
[BlackElo "2618"]
[Annotator "TA"]
[PlyCount "117"]
[EventDate "2020.12.22"]
[EventType "tourn"]
[EventCountry "NET"]
[SourceTitle "playchess.com"]
[Source "ChessBase"]
[SourceQuality "1"]

{[%evp 11,117,27,73,16,20,22,99,65,60,17,22,34,33,32,103,45,45,44,50,56,66,66,66,69,56,49,100,108,156,160,160,76,175,91,99,99,99,99,99,88,95,93,91,76,103,99,99,76,76,76,76,58,79,76,76,79,89,76,76,76,99,33,41,28,106,99,99,99,108,44,44,44,79,81,72,8,8,0,8,8,8,0,0,0,8,8,8,0,8,0,8,8,8,8,8,0,8,0,0,0,0,0,0,0,0,0,0,-2]} 1. d4 Nf6 2. c4 g6 3. Nc3 d5 4. Nf3 Bg7 5. Qb3 dxc4 6. Qxc4 Be6 7. Qa4+ {D96: Grünfeld: Russian System (5 Qb3): sidelines.} (7. Qb5+ $16 Bd7 8. Qxb7) 7... Bd7 $11 8. Qa3 {[#]} c5 $146 (8... Bg4 $11) ({Predecessor:} 8... b5 9. e4 a5 10. Bxb5 Bxb5 11. Nxb5 Nxe4 12. O-O O-O 13. Re1 Nd6 14. Nc3 Nc6 {½-½ (40) Morozevich,A (2665)-Gledura,B (2615) Malmo 2018}) 9. dxc5 {White is better.} Bc6 10. e3 Bxf3 11. gxf3 O-O 12. Bg2 Nd5 (12... Nbd7 $14) 13. O-O (13. Bd2 $16) 13... Nxc3 $14 14. bxc3 Qd3 15. Qb3 Na6 16. Ba3 Rac8 17. Rfd1 Qxc3 {[%mdl 64] Double Attack} 18. Rac1 Qa5 ({Black should play} 18... Qxb3 $14 19. axb3 Nb8) 19. c6 $1 $16 {[%cal Rc6b7]} bxc6 {Strongly threatening ...Rb8.} 20. Bxe7 Rfe8 21. Bd6 (21. Rd7 $142) 21... Be5 (21... Bf8 $16) 22. f4 (22. Bxe5 $1 $18 Qxe5 23. Rd7 $1 {[%mdl 512]}) 22... Bxd6 23. Rxd6 Rb8 24. Qc4 Nb4 25. Rd7 ({But not} 25. Bxc6 $6 Rec8 $11) 25... Qxa2 26. Qxa2 Nxa2 27. Ra1 Nb4 28. Raxa7 Rf8 29. Bf1 Rbd8 30. Rdb7 Nd5 31. Bc4 Rd6 32. Kg2 Kg7 33. Kf3 {e4 is the strong threat.} Rf6 34. Bxd5 cxd5 {[%mdl 4096] Endgame KRR-KRR} 35. Rd7 g5 {[#]} 36. Rxd5 ({White should try} 36. Ra4 $1 $16) 36... gxf4 $14 37. e4 Re8 (37... Rh6 $11) 38. h4 h6 39. Raa5 Rfe6 40. e5 ({Of course not} 40. Kxf4 $6 Rxe4+ 41. Kg3 R8e6 $11) (40. Ra4 $16) 40... f6 {[%cal Rf6e5]} 41. Rd7+ Kg6 42. exf6 ({Much worse is} 42. Kxf4 fxe5+ 43. Kg3 Rg8 $11) 42... Kxf6 43. h5 (43. Kxf4 $16 {Rf5+ would kill now.} Re4+ 44. Kg3) 43... Re5 $11 {The position is equal.} 44. Ra6+ Kg5 45. Rdd6 Rh8 46. Rg6+ Kxh5 47. Kxf4 {White threatens Rxh6+! and mate.} Rg5 48. Rgf6 Rg4+ 49. Kf3 {Hoping for Rxh6+!} Rg5 50. Rae6 Ra5 51. Kg3 Rg8+ 52. Kh3 Rh8 53. f3 Rb5 54. Re4 Kg5 55. Ree6 Rf5 56. Rg6+ Kf4 57. Kg2 {[%csl Gf3][%cal Rg6g4]} Rg5+ 58. Rxg5 hxg5 59. Re4+ {Black escapes into a draw. Accuracy: White = 74%, Black = 78%.} 1/2-1/2

[Event "Sebinhoo Invitational 2020"]
[Site "Online"]
[Date "2020.12.22"]
[Round "6.1"]
[White "Larino Nieto, David"]
[Black "Tari, Aryan"]
[Result "0-1"]
[WhiteElo "2461"]
[BlackElo "2618"]
[Annotator "TA"]
[PlyCount "78"]
[EventDate "2020.12.22"]
[EventType "tourn"]
[EventCountry "NET"]
[SourceTitle "playchess.com"]
[Source "ChessBase"]
[SourceQuality "1"]

{[%evp 15,78,12,33,26,34,0,-7,0,-1,-29,-8,-40,-20,-20,-11,-56,1,-57,0,-49,-52,-49,-41,-106,-95,-100,-90,-135,-117,-236,-244,-248,-181,-230,-167,-286,-273,-259,-269,-268,-258,-275,-270,-315,-306,-388,-303,-288,-180,-293,-307,-435,-435,-431,-431,-520,-517,-520,-512,-511,-504,-1248,-1221,-29992,-29993]} 1. Nf3 Nf6 2. b3 b6 3. Bb2 Bb7 4. g3 g6 5. Bg2 Bg7 6. O-O O-O 7. c4 c5 8. Nc3 a6 9. Rc1 {A30: Symmetrical English: Double Fianchetto and Hedgehog.} d6 {[#]} 10. Qc2 $146 ({Predecessor:} 10. d4 e6 11. Rc2 Qe7 12. Re1 cxd4 13. Qxd4 Nbd7 14. Rd1 Ne8 15. Qe3 Rc8 16. Rcd2 {½-½ (16) Spilker,B (2345)-Eingorn,V (2585) Muenster 1996}) 10... Nbd7 11. Rfd1 {The position is equal.} b5 12. Qb1 Qa5 13. Qa1 bxc4 14. bxc4 Rfb8 15. Nd5 Qd8 (15... Bxd5 $15 16. cxd5 Qb5) 16. d3 ({Better is} 16. Nxf6+ $11 Bxf6 17. Bxf6 Nxf6 18. Rb1) 16... Bc6 (16... Bxd5 $15 17. cxd5 Nb6) 17. Bc3 Bxd5 18. cxd5 Nb6 {[%cal Bd7b6,Bb6a4,Ba4b2][%mdl 32]} 19. Ba5 (19. Nd2 $15) 19... Nfxd5 $17 20. Qb1 Qe8 {And now ...Nc4! would win.} 21. Nd2 Na4 22. Bxd5 (22. Nb3 $17 {was called for.} e6 23. Qc2) 22... Rxb1 $19 23. Rxb1 Rc8 {[#] ...Bc3 is the strong threat.} 24. Ne4 Nb2 25. Rd2 (25. Rdc1 {keeps fighting.}) 25... Qa4 26. Bc3 Bxc3 27. Nxc3 Qd4 28. Rdxb2 {[#] Black must now prevent Rc1.} Qxc3 29. Rb7 e6 30. Bc4 Qc2 31. e4 a5 32. R7b2 (32. Kg2 $142) 32... Qc3 33. Rb3 (33. Kg2 {is a better defense.}) 33... Qd4 34. Rb7 Rd8 35. Rc7 d5 36. exd5 exd5 37. Ba6 Rd6 38. Rb8+ (38. Bb5 $142 a4 39. Ra7) 38... Kg7 {( -> ...Rf6)} 39. Bb5 Rf6 {White got outplayed after the opening.  Weighted Error Value: White=0.83/Black=0.19} 0-1

[Event "Sebinhoo Invitational 2020"]
[Site "Online"]
[Date "2020.12.22"]
[Round "6.3"]
[White "Van Foreest, Jorden"]
[Black "Bartel, Mateusz"]
[Result "0-1"]
[WhiteElo "2671"]
[BlackElo "2638"]
[Annotator "TA"]
[PlyCount "106"]
[EventDate "2020.12.22"]
[EventType "tourn"]
[EventCountry "NET"]
[SourceTitle "playchess.com"]
[Source "ChessBase"]
[SourceQuality "1"]

{[%evp 10,106,24,25,22,14,39,22,33,27,46,51,47,44,55,48,52,48,108,95,93,94,131,61,147,65,86,74,87,73,85,78,88,77,97,86,110,39,55,8,16,38,26,19,20,20,132,125,122,119,125,129,121,131,208,195,266,0,0,0,0,-255,-250,-225,-242,-225,-248,-244,-233,-239,-186,-216,-230,-278,-280,-279,-285,-245,0,-461,-308,-284,-60,-71,-76,-296,-295,-272,-291,-12843,-12843,-12845,-12840,-12843,-12841,-12843,-12842,-29992,-1075]} 1. e4 e5 2. Nf3 Nc6 3. Bc4 Nf6 4. d3 Be7 5. a4 O-O 6. O-O a5 {C55: Two Knights: 4 d3, 4 d4 exd4 5 e5 and Max Lange Attack.} 7. Re1 d6 8. Nbd2 {now scores much better than the old 8.c3.} Nd7 {The position is equal.} 9. Nf1 Nb6 10. Bb3 Kh8 11. Ng3 Be6 12. c3 {[#]} Bf6 $146 ({Predecessor:} 12... Kg8 13. Be3 Ra6 14. Nf5 Bf6 15. h3 Bxf5 16. exf5 Qd7 17. g4 h6 {1-0 (54) Babulova,M (2151)-Merrow,C (2157) ICCF email 2013}) 13. Be3 g6 (13... Ra6 $14) 14. Bxe6 fxe6 15. Qb3 Re8 16. Rad1 (16. Bxb6 $16 {And now Be3 would win.} cxb6 17. Nf1) 16... Rb8 (16... Ra6 $1 $14) 17. Nd2 ({White should play} 17. Bxb6 $16 cxb6 18. Nf1) 17... Nd7 18. Qb5 Qc8 19. Nf3 Ra8 20. h4 Nd8 21. d4 Nf7 22. h5 Rg8 23. d5 (23. Qb3 $16) 23... Nf8 $14 24. b4 exd5 25. Qxd5 Ne6 26. hxg6 Rxg6 27. bxa5 c6 (27... Nfg5 $11 {keeps the balance.} 28. Bxg5 Bxg5) 28. Qb3 $16 Rxa5 29. Nf5 Qd7 30. Qb4 Ra8 31. Nxd6 Rag8 (31... Nxd6 $16 32. Rxd6 (32. Qxd6 Qe8 $16) 32... Qf7) 32. g3 $18 (32. Nxb7 Rxg2+ 33. Kf1 Nd4 $1 $17 {[%mdl 512]}) 32... Nf4 (32... Nxd6 $142 33. Qxd6 (33. Rxd6 Qg7 $11) 33... Qe8 34. Nxe5 R6g7) 33. Bxf4 $2 (33. Qxb7 Rxg3+ $1 {[%mdl 512]} 34. fxg3 Rxg3+ 35. Kf2 Rxf3+ $1 {[%mdl 512]} 36. Kxf3 Qh3+ 37. Kf2 Qg2#) (33. Nf5 $18 Qc8 34. Qb1 (34. Bxf4 exf4 35. N3h4 Rg4 $11)) 33... exf4 $11 34. e5 (34. Nxb7 Qh3 $1 {[%mdl 512]} 35. Re3 Rh6 36. Nh2 fxe3 37. Qb2 e2 38. Qxe2 Qxh2+ 39. Kf1 Qh1#) (34. Qxb7 Rxg3+ $1 {[%mdl 512]} 35. fxg3 Rxg3+ 36. Kf2 Rxf3+ $1 {[%mdl 512]} 37. Ke2 (37. Kxf3 Qh3+ 38. Kf2 Bh4+ {[%mdl 64] Skewer} 39. Kg1 Qg3+ {[%mdl 64] Double Attack} 40. Kh1 Qf3+ 41. Kg1 Bf2+ 42. Kh2 Qg3+ 43. Kh1 Qh3#) 37... Re3+ 38. Kd2 Qxd6+ 39. Kc1 Rxc3+ 40. Kb1 Qe6 $19) 34... Nxd6 $1 35. Rxd6 $4 {[%mdl 8192]} ({Not} 35. Qxd6 $2 Qh3 $1 $19 {[%mdl 512]}) (35. Qxf4 $11 Qh3 36. exf6 (36. Rxd6 $2 Rxg3+ {[%mdl 64] Demolition} 37. fxg3 Rxg3+ {[%mdl 64] Double Attack} 38. Kf2 Rg2+ 39. Ke3 Bg5 $19)) 35... Qh3 $19 {( -> ...Rxg3+!)} 36. Qxf4 (36. exf6 $2 {gets mated.} Rxg3+ $1 {[%mdl 512]} 37. fxg3 Rxg3+ 38. Kf2 Qg2#) 36... Rxg3+ $1 {[%mdl 64] Demolition} 37. fxg3 Rxg3+ {[%mdl 64] Double Attack} 38. Kf2 Rg2+ $1 39. Ke3 Bg5 $1 {[%cal Rg5f4]} 40. Rd8+ Kg7 41. Rd4 Bxf4+ 42. Rxf4 Qg3 {aiming for ...Qf2+.} 43. Rf1 {[#]} Rc2 $2 {[#]} (43... Re2+ $1 $19 {[%mdl 512]} 44. Kxe2 Qxf4) 44. Kd3 $2 {[%mdl 8192]} (44. Rg1 $1 $11 {[%mdl 512]} Rg2 45. Rxg2 Qxg2 46. e6) 44... Rf2 ({Resist} 44... Qxf4 45. Kxc2 Qxa4+ 46. Kd2 $19) 45. Rxf2 {Ke3 is the strong threat.} Qxf2 $2 {[%mdl 4096] Endgame KQ-KRN} ({Better is} 45... Qxf4 $19 46. Rg2+ Kf7) 46. e6 $15 {Threatening e7.} Qf1+ 47. Ke4 $2 {Now White is beyond hope.} (47. Kd2 $17 c5 48. e7 Qf2+ 49. Kd3 c4+ {[%mdl 64] Deflection, Decoy} 50. Kxc4 Qe2+ 51. Kd5 Qxe7 52. Rg4+ Kh8 53. Ne5) 47... Qe2+ 48. Kf5 Qd3+ {[%mdl 64] Double Attack} 49. Re4 $2 (49. Kg4 Qg6+ {[%mdl 64] Double Attack} 50. Ng5) 49... Qxf3+ $19 50. Ke5 Qd3 51. c4 Kf8 52. Rd4 Qg3+ 53. Kf6 Qg7+ {Weighted Error Value: White=0.71/Black=0.32} 0-1

[Event "Sebinhoo Invitational 2020"]
[Site "Online"]
[Date "2020.12.22"]
[Round "6.4"]
[White "Christiansen, Johan-Sebastian"]
[Black "Bachmann, Axel"]
[Result "1-0"]
[WhiteElo "2610"]
[BlackElo "2599"]
[Annotator "TA"]
[PlyCount "117"]
[EventDate "2020.12.22"]
[EventType "tourn"]
[EventCountry "NET"]
[SourceTitle "playchess.com"]
[Source "ChessBase"]
[SourceQuality "1"]

{[%evp 13,117,25,25,25,42,50,50,50,47,47,54,25,19,16,35,10,14,0,0,2,30,-13,0,0,63,40,150,106,108,114,109,113,119,12,4,0,62,0,0,0,0,-18,11,-31,-22,-23,0,-18,-14,-45,-22,-19,-15,-19,0,-21,-21,-47,-8,-25,-13,-47,-25,-24,-26,-23,-12,-20,0,-135,-116,-106,-52,-80,-75,-87,1448,-388,-386,-507,29951,5393,29953,29954,29940,7720,6098,29946,7728,5505,6718,7339,6095,1595,29975,29977,29975,29977,29979,29980,29980,29981,29981,29982,29981,29982]} 1. e4 g6 2. d4 Bg7 3. Nc3 c6 4. Nf3 d6 5. h3 Nf6 6. Bd3 O-O 7. O-O Nbd7 {[%cal Bb8d7,Bd7c5,Bc5d3][%mdl 32]} 8. e5 $1 {[%mdl 4] now scores much better than the old 8.Be3. B08: Pirc Defence: Classical System.} dxe5 9. dxe5 Nd5 10. Nxd5 {White is slightly better.} cxd5 11. Re1 Nc5 {[#]} 12. b4 $146 ({Predecessor:} 12. Nd4 e6 13. Bf4 Bd7 14. Qd2 Qb6 15. c3 Nxd3 16. Qxd3 Qxb2 17. Reb1 Qa3 18. Rxb7 {½-½ (59) Soriano Quispe,I (2042)-Piesik,P (2396) Chess.com INT 2020}) 12... Nxd3 13. cxd3 Qb6 14. Qb3 d4 15. Bb2 Be6 16. Bxd4 Qb5 17. Qa3 Rfd8 18. Rac1 a5 (18... Qd7 $11) 19. bxa5 $14 Bd5 ({Black should try} 19... b6 $14) 20. Rc5 Qd7 {And now ...Bxf3 would win.} 21. e6 $1 {[%cal Re6d7]} Bxe6 22. Bxg7 Kxg7 23. Ne5 ({White should play} 23. Ng5 $16 Qxd3 24. Qxd3 (24. Nxe6+ fxe6 25. Qxd3 Rxd3 $16) 24... Rxd3 25. Nxe6+ fxe6 26. Rxe6) 23... Qd6 $11 24. Qc3 Kg8 (24... Qd4 $1 $11) 25. Rc7 (25. Rb5 $14) 25... Rdc8 26. Rxc8+ Rxc8 27. Qb2 Qd5 28. a4 Qxa5 29. Re4 Bf5 30. Rb4 {[#]} Rc2 $1 {[%mdl 512]} 31. Qd4 (31. Qxc2 Qxb4) 31... Qc7 32. Rc4 Rc1+ 33. Rxc1 Qxc1+ 34. Kh2 Qc7 35. f4 h5 36. Kg3 Be6 37. Kh4 Kh7 38. Nf3 f6 39. g4 hxg4 40. hxg4 Bd7 41. Qe3 (41. Kg3 $11) 41... Bc6 42. Nd4 {[#]} g5+ $1 {[%mdl 512]} 43. Kh3 $15 (43. fxg5 Qh2+) 43... gxf4 44. Qe6 {Intending Qf7+ and mate.} Kg7 $2 {[%mdl 8192] [#]} (44... Be8 $17 45. Nf5 Qe5 46. Qxe7+ Qxe7 47. Nxe7 Bxa4) 45. g5 $4 {[%mdl 8192]} (45. Qxc6 $1 $18 {[%mdl 512] is the narrow road to win.} Qxc6 (45... bxc6 46. Ne6+) 46. Nxc6) 45... Bd7 $19 {...Kg6 is the strong threat.} 46. gxf6+ Kh8 $4 {[%mdl 8192] [#]} (46... Kg6 $19 47. f7+ Bxe6+ 48. Nxe6 Qe5) 47. f7 $1 {[%mdl 512]} Qc8 {[#]} 48. f8=Q+ $1 {[%mdl 576] Deflection} Qxf8 49. Qxd7 Qh6+ 50. Kg4 Qg7+ 51. Kf3 Qg3+ 52. Ke4 Qe3+ 53. Kd5 Qxd3 54. Qe8+ {White mates.} Kg7 55. Qxe7+ Kg6 56. Qe4+ Qxe4+ 57. Kxe4 Kg5 58. Ne6+ Kf6 59. Nxf4 {Weighted Error Value: White=0.45/Black=0.56} 1-0